The world class project manager : a professional development guide /

Bibliographic Details
Main Author: Wysocki, Robert K.
Other Authors: Lewis, James P., 1941-
Format: Book
Language:English
Published: Cambridge, Mass. : Perseus, [2001]
Subjects:

MARC

Tag First Indicator Second Indicator Subfields
LEADER 00000cam a2200000Ia 4500
001 in00001610121
005 20151023050818.0
008 010209s2001 maua b 001 0 eng d
020 |a 0738202371 
035 |a (OCoLC)ocm45884006 
040 |a TEF  |c TEF  |d OCL  |d TXA  |d UtOrBLW 
049 |a TXAM 
090 |a HD69.P75  |b W97 2001 
100 1 |a Wysocki, Robert K. 
245 1 4 |a The world class project manager :  |b a professional development guide /  |c Robert K. Wysocki, James P. Lewis ; with contributions by Doug DeCarlo. 
264 1 |a Cambridge, Mass. :  |b Perseus,  |c [2001] 
264 4 |c ©2001 
300 |a xix, 252 pages :  |b illustrations ;  |c 24 cm. 
336 |a text  |b txt  |2 rdacontent 
337 |a unmediated  |b n  |2 rdamedia 
338 |a volume  |b nc  |2 rdacarrier 
504 |a Includes bibliographical references (pages 239-246) and index. 
650 0 |a Project management. 
700 1 |a Lewis, James P.,  |d 1941- 
994 |a E0  |b TXA 
948 |a cataloged  |b h  |c 2001/4/9  |d c  |e bwalker  |f 1:30:57 pm 
999 |a MARS 
999 f f |s cfac1711-62f9-3bc7-a7f8-f90f737533d3  |i e59377e8-5b03-3158-a269-2b883a2b4d3b  |t 0 
952 f f |p ric  |a Texas A&M University  |b Rellis Campus  |c Joint Library Facility  |d Remote Storage  |t 0  |e HD69.P75 W97 2001  |h Library of Congress classification  |i unmediated -- volume  |m A14827494942 
998 f f |a HD69.P75 W97 2001  |t 0  |l Remote Storage